| 000 | 00601nam a2200181 a 4500 | ||
|---|---|---|---|
| 001 | 000047070 | ||
| 005 | 20201002053332.0 | ||
| 008 | 180412s2004 000 spa d | ||
| 040 |
_aDO-SdBNP _bspa _cBNPHU |
||
| 082 |
_axxxx _bS594e 7mo. |
||
| 100 | 1 |
_aSimón Consuegra, José Miguel _951487 |
|
| 245 | 1 | 0 |
_aEducación artística 7 : _beducación básica / _cJosé Miguel Simón Consuegra. |
| 260 |
_aSanto Domingo : _bSusaeta, _c2004. |
||
| 300 |
_a140 ´p. : _ail. ; _c21 cm. |
||
| 504 | _aBibliografía : p. 140 | ||
| 590 | _aInventariado, 2018/BT | ||
| 700 | 1 |
_aMartínez Gómez, Julio César _974898 |
|
| 999 |
_c46558 _d46558 |
||